000 00447nam a2200145Ia 4500
008 090124s9999 xx 000 0 und d
082 _b401446
245 _a भिंगरी आणि भवऱ्या
250 _a1
260 _bभागवत लीलावती
_c1983
300 _a107
630 _a भिंगरी आणि भवऱ्या
730 _a भिंगरी आणि भवऱ्या
942 _cBOOK
999 _c197830
_d197830